Bury all-time top scorers - Statistics

General Stats
  • This quiz has been taken 3 times
  • The average score is 9 of 12
Answer Stats
Goals Nationality Player % Correct
77 England Andy Bishop
100%
36 England Danny Mayor
100%
24 England James Vaughan
100%
71 England Ryan Lowe
100%
25 England Steven Schumacher
100%
21 England Andy Preece
67%
29 Wales / England Daniel Nardiello
67%
28 England Glynn Hurst
67%
23 England Mike Jones
67%
21 England Nicky Ajose
33%
21 England Nicky Maynard
33%
22 England Tom Soares
33%
No matching quizzes found
Score Distribution
Percent of People with Each Score
Percentile by Number Answered
Your Score History
You have not taken this quiz